000 00801nam a2200301 a 4500
001 37202
003 AR-BaAGN
005 20231116150208.0
007 ta
008 220625s2003 ag |||||r|||| ||||||spa d
020 _a987-98971-7-X
040 _dAR-BaAGN
_aAR-BaAGN
_bspa
_eaacr
100 1 _aAlberdi, Juan Bautista,
_d1810-1884
_92925
245 1 0 _aEl crimen de la guerra
250 _a1ª ed.
260 _aBuenos Aires :
_bLibrería Histórica,
_c2003.
300 _a250 páginas
336 _2rdacontent
_btxt
337 _2rdamedia
_bn
338 _2rdacarrier
_bnc
490 0 _aColección Histórica ;
_v8
650 4 _aGUERRA
_92115
650 4 _aFILOSOFÍA
_91702
700 1 _aAncarola, Gerardo
_eaui
700 1 _aSanguinetti, Horacio
_eaui
942 _cLIBRO
999 _c37202
_d37202